Caracterización del proceso de compostaje y aprovechamiento del calor generado en un reactor bajo aireación forzada

Guardado en:
書目詳細資料
主要作者: Fallas Conejo, Diego
格式: 圖書
語言:Spanish
出版: [San José, Costa Rica] 2016
主題:
標簽: 添加標簽
沒有標簽, 成為第一個標記此記錄!

MARC

LEADER 00000nam a22000007a 4500
003 012517
005 20221231144138.0
008 170120b2016 cr a|||| m||| 00| ||spa d
040 |c cru CEDI 
090 |a TFG 7668 
100 |9 6465  |a Fallas Conejo, Diego 
245 |a Caracterización del proceso de compostaje y aprovechamiento del calor generado en un reactor bajo aireación forzada 
260 |a  [San José, Costa Rica]  |c 2016 
300 |a xiv, 98 hojas ;ilustraciones 
500 |a Tesis (licenciatura en ingeniería agrícola)--Universidad de Costa Rica. Facultad de Ingeniería. Escuela de Ingeniería Agrícola 
650 |x APROVECHAMIENTO DE RESIDUOS   |x COMPOST   |x ABONO ORGANICO  |9 6466 
942 |c TFG 
999 |c 17547  |d 17547